000 00413nam a22001697a 4500
005 20241213160204.0
008 241213b |||||||| |||| 00| 0 eng d
020 _a9780749423872
050 _aLB1775
_b.2.T39 TAY
100 _aFELICITY TAYLOR
245 _aCAREERS IN TEACHING
250 _a7TH
260 _aLONDON
_bKOGAN PAGE
_cc1997
300 _aiii,92p
500 _aincludes index
942 _2lcc
_cBK
_n0
999 _c2171
_d2171